Ty jsi má láska

Main Author: Simonová, Yvetta, 1928-
Corporate Author: Kühnův smíšený sbor
Other Authors: Zelenková, Jitka, 1950-, Chladil, Milan, 1931-1984, Drobný, Milan, 1944-, Orchestr Karla Vlacha, Sbor Lubomíra Pánka
Language: Czech
Published: Praha : Sony Music Bonton, p1998
Series: 20x Yvetta Simonová & Milan Chladil
Physical Description: 1 MC : Dolby systém + 1 složený list.
Audio
Saved in:
LEADER 02274njm a2200613 a 4500
001 000340951
003 CZ BrMZK
005 19970901143423.0
008 970101s1998 xr f cze d
028 0 3 |a 491072 4  |b Sony Music Bonton 
040 |a BOA001  |b cze 
080 |a 784.4(086.7)  |2 MRF 
100 1 |a Simonová, Yvetta,  |d 1928-  |7 jn20000402214  |4 prf 
245 1 0 |a Ty jsi má láska  |h [zvukový záznam] /  |c Yvetta Simonová, Milan Chladil. 
246 3 3 |a Proč tě ráda mám 
246 3 3 |a Rok a půl 
246 3 3 |a Svět ve kterém žijem 
246 3 3 |a Tam v dáli za řekou 
246 3 3 |a Ten příběh váš 
246 3 3 |a Láska tvá jsem já, jen já 
246 3 3 |a Ty jsi má láska 
246 3 3 |a V pravou chvíli 
246 3 3 |a Řekni ano, lásko má 
246 3 3 |a Chraňte si lásku 
246 3 3 |a Cukrkandl z pouti 
246 3 3 |a Dáme si do bytu 
246 3 3 |a Dívka jménem Madelaine 
246 3 3 |a K vám jdem, k vám 
246 3 3 |a Kvete modrý vřes 
246 3 3 |a Kéž jsem to já 
246 3 3 |a Lásko proč se červenáš 
246 3 3 |a Neztrácej víru v lásku mou 
246 3 3 |a Nám to nevadí 
260 |a Praha :  |b Sony Music Bonton,  |c p1998 
300 |a 1 MC :  |b Dolby systém +  |e 1 složený list. 
306 |a 005704 
490 1 |a 20x Yvetta Simonová & Milan Chladil 
500 |a Durata 57:04 
500 |a Nahr. 1959-1987 
505 2 |a Ty jsi má láska, Neztrácej víru v lásku mou 
505 2 |a Dáme si do bytu ... [et al.] 
511 0 |a Milan Drobný, zpěv; Jitka Zelenková, zpěv. Karel Vlach se svým orchestrem; Sbor Pavla Kühna; Sbor Lubomíra Pánka 
653 0 |a populární hudba  |a populární písně 
700 1 |a Zelenková, Jitka,  |d 1950-  |7 jn20000402727  |4 prf 
700 1 |a Chladil, Milan,  |d 1931-1984  |7 jn19990009854  |4 prf 
700 1 |a Drobný, Milan,  |d 1944-  |7 jn20000400549  |4 prf 
710 2 |a Kühnův smíšený sbor  |7 ko2003164871 
710 2 |a Orchestr Karla Vlacha  |7 kn20010710270  |4 prf 
710 2 |a Sbor Lubomíra Pánka  |7 ko2001100004  |4 prf 
830 0 |a 20x Yvetta Simonová & Milan Chladil 
910 |a BOA001  |b KZ-0006.270 
964 |a Hudba populární  |x MC 
990 |a AV 
996 6 |b 261H006599  |c KZ-0006.270  |l MZK  |r Sklad / do 24 hodin  |n 0  |p p.v.  |w 000340951  |u 000010  |a 1  |e BOA001  |j MZK50  |s P